| 000 | 01513nam a22003137a 4500 | ||
|---|---|---|---|
| 003 | OSt | ||
| 005 | 20240330203654.0 | ||
| 008 | 240328b |||||||| |||| 00| 0 hin d | ||
| 020 | _a9788170111573 | ||
| 040 |
_aNISER LIBRARY _cNISER LIBRARY |
||
| 041 | _aEnglish | ||
| 082 |
_a741.5:32 _bSHA-D |
||
| 100 | _aShankar | ||
| 245 | _a"Don't spare me Shankar" Jawaharlal Nehru. | ||
| 260 |
_aNew Delhi: _bChildren's Book Trust, _c2017. |
||
| 300 |
_a400p. _ball illustrations ; _c23 x 27 cm |
||
| 500 | _aReproduction of 400 selected cartoons from the Shankar's weekly, June 20, 1948-May 17, 1964 | ||
| 504 | _aIncludes index | ||
| 520 | _aShankar, as a political cartoonist, had drawn some 1,500 cartoons of Jawaharlal Nehru, most of them in Shankar’s Weekly. This compilation is made from nearly 400 cartoons from the Weekly. The volume is entitled ?Don’t Spare Me, Shankar?. These were Nehru’s words to Shankar when he inaugurated Shankar’s Weekly in 1948. Set in chronological order, the cartoons show the Nehru Era as Shankar saw it unfold itself. In them he has succeeded in capturing the essence of Nehru | ||
| 600 | 1 | 0 |
_aNehru, Jawaharlal _d1889-1964 _xCaricatures and cartoons. |
| 650 | 0 | _aCaricatures and cartoons | |
| 650 | 0 |
_aIndia Politics and government 1947 _x Caricatures and cartoons |
|
| 650 | 0 | _aNehru, Jawaharlal, 1889-1964 | |
| 650 | 0 | _aPolitics and government | |
| 651 | 0 | _aIndia | |
| 655 | _aCaricatures and cartoons | ||
| 730 | 0 | _aShankar's weekly. | |
| 942 |
_cCC _2udc |
||
| 999 |
_c34733 _d34733 |
||